00694nam a2200205 i 4500001000300000100002200003245006200025260005000087300002400137490004800161830004000209040000800249041000800257080001100265942000700276008004100283999001700324856009800341952004900439bg1 aFULIŃSKI, Jacek 0aGeometria kratownic powierzchniowych /cJacek Fuliński. aWrocław :b[Państw. Wydawn. Nauk.],c1973. as. 84 :brys., tab.1 aPrace Wrocł. Tow. Nauk. Seria B. ;vNr 178 aPrace Wrocł. Tow. Nauk. Seria B. ; cBPK apol a624.07 cKS s pl f |000 0 pol  c20651d20651 uhttp://koha.tu.koszalin.pl/cgi-bin/koha/opac-detail.pl?biblionumber=20651yKatalog online BPK 00104070aBPKbBPKcwo29062p01621976yKS